[Event "Let's Play Chess"]
[Site "SchemingMind.com"]
[Date "2007.03.15"]
[Round "-"]
[White "NinjaPawn"]
[Black "Lee Shuck"]
[Result "1-0"]
[WhiteCountry "ENG"]
[BlackCountry "ENG"]
[WhiteElo "1791"]
[WhiteRD "104"]
[BlackElo "1420"]
[BlackRD "62"]
[GameID "96507"]

1. e4 e5 2. Nf3 Nc6 3. d4 exd4 4. Nxd4 Nf6 5. Nc3 Nxe4 6. Nxe4 Qe7 7. f3 d5 8. Bb5 dxe4 9. Nxc6 bxc6 10. Bxc6+ Bd7
11. Bxa8 exf3+ 12. Kf2 fxg2 13. Re1 Be6 14. Bc6+
1-0

[Event "Let's Play Chess"]
[Site "SchemingMind.com"]
[Date "2007.03.16"]
[Round "-"]
[White "Lee Shuck"]
[Black "NinjaPawn"]
[Result "0-1"]
[WhiteCountry "ENG"]
[BlackCountry "ENG"]
[WhiteElo "1498"]
[WhiteRD "64"]
[BlackElo "1849"]
[BlackRD "91"]
[GameID "96508"]

1. e4 e5 2. Nf3 Nc6 3. Bc4 Nf6 4. d4 exd4 5. Nbd2 Bb4 6. e5 Ng4 7. O-O O-O 8. a3 Bxd2 9. Bxd2 Ncxe5 10. Nxe5 Nxe5
11. b3 Nxc4 12. bxc4 Qf6 13. Rb1 b6 14. Qf3 Qxf3 15. gxf3 Ba6 16. Rb4 c5 17. Ra4 Bb7 18. Re1 Bxf3 19. Ra6 Bb7 20. Ra4 a6
21. Bf4 Bc6 22. Bd6 Bxa4 23. Bxf8 Kxf8 24. Re2 Re8 25. Rxe8+ Kxe8
0-1

[Event "Let's Play Chess"]
[Site "SchemingMind.com"]
[Date "2007.03.15"]
[Round "-"]
[White "megapixel"]
[Black "InvernoMuto"]
[Result "1-0"]
[WhiteCountry "ENG"]
[BlackCountry "ITA"]
[WhiteElo "1909"]
[WhiteRD "90"]
[BlackElo "1374"]
[BlackRD "89"]
[GameID "96545"]

1. e4 e5 2. Nf3 Nc6 3. d4 d6 4. Bc4 Be6 5. d5 Na5 6. dxe6 Nxc4 7. exf7+ Kxf7 8. Qd5+ Ke8 9. Qxc4 Nf6 10. Nc3 Be7
11. Nd5 Nxd5 12. Qxd5 c6 13. Qe6 Qd7 14. Qxd7+ Kxd7 15. Bg5
1-0

[Event "Let's Play Chess"]
[Site "SchemingMind.com"]
[Date "2007.03.16"]
[Round "-"]
[White "megapixel"]
[Black "NinjaPawn"]
[Result "1/2-1/2"]
[WhiteCountry "ENG"]
[BlackCountry "ENG"]
[WhiteElo "1892"]
[WhiteRD "91"]
[BlackElo "1849"]
[BlackRD "91"]
[GameID "96546"]

1. e4 e5 2. Nf3 Nc6 3. d4 exd4 4. Bc4 Bc5 5. c3 Nh6 6. Bxh6 gxh6 7. Nxd4 Qf6 8. O-O Nxd4 9. cxd4 Bxd4 10. Nc3 d6
11. Nd5 Qe5 12. Nxc7+ Kf8 13. Qf3 d5 14. Nxd5 Be6 15. Qa3+ Kg7 16. Qg3+ Qxg3 17. hxg3 Bxb2 18. Rab1 Rhc8 19. Rxb2 Rxc4 20. Rxb7 Rxe4
21. Nc7 Rc8 22. Nxe6+ Rxe6 23. Rxa7 h5 24. Rd7 Rc2 25. a4 Ra2 26. Rd4 Ra6 27. Rb1 R6xa4 28. Rxa4 Rxa4 29. Rb6 h4 30. gxh4 Rxh4
31. g3 Rd4 32. Kg2 h5 33. Kh3 Rd2 34. f3 f6 35. Rb7+ Kg6 36. Rb8 Rd3 37. f4 Rd1 38. Rg8+ Kf5 39. Rh8 Kg6 40. Kg2 Rd2+
41. Kf3 f5 42. Ke3 Rg2 43. Kf3 Rh2 44. Ke3 Rg2=
1/2-1/2

[Event "Let's Play Chess"]
[Site "SchemingMind.com"]
[Date "2007.03.16"]
[Round "-"]
[White "megapixel"]
[Black "Lee Shuck"]
[Result "1-0"]
[WhiteCountry "ENG"]
[BlackCountry "ENG"]
[WhiteElo "1951"]
[WhiteRD "81"]
[BlackElo "1479"]
[BlackRD "68"]
[GameID "96547"]

1. e4 e5 2. Nf3 Nc6 3. d4 exd4 4. Bc4 Nf6 5. e5 d5 6. Bb5 Ne4 7. Nxd4 Bd7 8. Bxc6 Bxc6 9. O-O Bc5 10. f3 Ng5
11. f4 Bxd4+ 12. Qxd4 Ne4 13. Nc3 O-O 14. Nxe4 dxe4 15. Qb4 f6 16. exf6 Rxf6 17. Be3 a5 18. Qc5 Qd5 19. Qc3 Qb5 20. Rad1 Rd6
21. Rd4 Rad8 22. Rfd1 Rxd4 23. Rxd4 Rxd4 24. Bxd4 Qe2 25. Be3 Bb5 26. h3 Qd1+ 27. Kh2 c6 28. Bc5 a4 29. Qe5 Qd7 30. Qxe4 g6
31. Bd4 Ba6 32. Qe5 b5 33. Qh8+ Kf7 34. Qxh7+ Ke6 35. Qxg6+ Kd5 36. Be5 Qe6 37. Qd3+ Kc5 38. Qd4#
1-0

[Event "Let's Play Chess"]
[Site "SchemingMind.com"]
[Date "2007.03.15"]
[Round "-"]
[White "InvernoMuto"]
[Black "megapixel"]
[Result "0-1"]
[WhiteCountry "ITA"]
[BlackCountry "ENG"]
[WhiteElo "1374"]
[WhiteRD "89"]
[BlackElo "1909"]
[BlackRD "90"]
[GameID "96548"]

1. e4 c5 2. c4 Nc6 3. Nf3 g6 4. d3 Bg7 5. Nc3 d6 6. Be2 e5 7. Nd5 h6 8. O-O Nge7 9. Bd2 Be6 10. Bc3 O-O
11. b3 f5 12. Nxe7+ Qxe7 13. a4 Qd7
0-1

[Event "Let's Play Chess"]
[Site "SchemingMind.com"]
[Date "2007.03.16"]
[Round "-"]
[White "NinjaPawn"]
[Black "megapixel"]
[Result "1-0"]
[WhiteCountry "ENG"]
[BlackCountry "ENG"]
[WhiteElo "1791"]
[WhiteRD "104"]
[BlackElo "1877"]
[BlackRD "93"]
[GameID "96549"]

1. e4 c5 2. Nf3 g6 3. d4 cxd4 4. Qxd4 Nf6 5. e5 Nc6 6. Qc3 Nd5 7. Qc4 Nb6 8. Qh4 Bg7 9. Bf4 h6 10. Nc3 g5
11. Qg3 f6 12. exf6 exf6 13. Bd6 Nc4 14. Bxc4
1-0

[Event "Let's Play Chess"]
[Site "SchemingMind.com"]
[Date "2007.03.16"]
[Round "-"]
[White "Lee Shuck"]
[Black "megapixel"]
[Result "0-1"]
[WhiteCountry "ENG"]
[BlackCountry "ENG"]
[WhiteElo "1447"]
[WhiteRD "67"]
[BlackElo "1945"]
[BlackRD "81"]
[GameID "96550"]

1. e4 c5 2. Nf3 g6 3. d4 cxd4 4. Nxd4 Nc6 5. c4 Nf6 6. Nc3 d6 7. Be3 Ng4 8. Nxc6 Nxe3 9. Nxd8 Nxd1 10. Rxd1 Kxd8
11. Nd5 Bg7 12. b3 e6 13. Nf4 Ke7 14. Be2 Bc3+ 15. Kf1 b6 16. Bf3 Rb8 17. Rd3 Be5 18. Ne2 Bd7 19. g3 Rhc8 20. Kg2 b5
21. Rc1 bxc4 22. bxc4 Rb4 23. a3 Rbxc4 24. Rxc4 Rxc4 25. Rc3 Bxc3
0-1

[Event "Let's Play Chess"]
[Site "SchemingMind.com"]
[Date "2007.03.16"]
[Round "-"]
[White "alejandroales"]
[Black "InvernoMuto"]
[Result "1-0"]
[WhiteCountry "ARG"]
[BlackCountry "ITA"]
[WhiteElo "1668"]
[WhiteRD "85"]
[BlackElo "1374"]
[BlackRD "89"]
[GameID "96590"]

1. d4 d5 2. c4 dxc4 3. Nf3 Nf6 4. e3 b5 5. a4 b4 6. Bxc4 e6 7. O-O Ba6 8. Qe2 Bxc4 9. Qxc4 c6 10. Nbd2 Qd5
11. Rd1 Qxc4 12. Nxc4 Ne4 13. Nfe5 f6 14. Nd3 b3 15. f3 Nd6 16. Nd2
1-0

[Event "Let's Play Chess"]
[Site "SchemingMind.com"]
[Date "2007.03.16"]
[Round "-"]
[White "alejandroales"]
[Black "NinjaPawn"]
[Result "0-1"]
[WhiteCountry "ARG"]
[BlackCountry "ENG"]
[WhiteElo "1645"]
[WhiteRD "82"]
[BlackElo "1791"]
[BlackRD "104"]
[GameID "96591"]

1. d4 d5 2. Nf3 Nf6 3. e3 Nc6 4. b3 Bf5 5. Ke2 Ne4 6. Bb2 e6 7. Ke1 Bb4+ 8. c3 Bd6 9. Nbd2 O-O 10. Rc1 Qf6
11. Be2 a5 12. c4 Bb4 13. a3 Bxd2+ 14. Nxd2 Nxf2
0-1

[Event "Let's Play Chess"]
[Site "SchemingMind.com"]
[Date "2007.03.16"]
[Round "-"]
[White "alejandroales"]
[Black "Lee Shuck"]
[Result "0-1"]
[WhiteCountry "ARG"]
[BlackCountry "ENG"]
[WhiteElo "1612"]
[WhiteRD "87"]
[BlackElo "1498"]
[BlackRD "64"]
[GameID "96592"]

1. e4 e5 2. Nf3 Nf6 3. d4 exd4 4. e5 Ne4 5. Qxd4 d5 6. Nc3 Nc6 7. Bb5 Nxc3 8. bxc3 Be7 9. O-O O-O 10. Bxc6 bxc6
11. c4 Ba6 12. Re1 dxc4 13. Qg4 Bc8 14. Qxc4 Bf5
0-1

[Event "Let's Play Chess"]
[Site "SchemingMind.com"]
[Date "2007.03.16"]
[Round "-"]
[White "alejandroales"]
[Black "megapixel"]
[Result "1/2-1/2"]
[WhiteCountry "ARG"]
[BlackCountry "ENG"]
[WhiteElo "1741"]
[WhiteRD "80"]
[BlackElo "1753"]
[BlackRD "99"]
[GameID "96593"]

1. d4 Nf6 2. c4 e6 3. Nc3 Bb4 4. Qc2 Nc6 5. Nf3 d6 6. g3 O-O 7. Bg2 Re8 8. O-O e5 9. dxe5 dxe5 10. Bg5 Bxc3
11. Qxc3 h6=
1/2-1/2

[Event "Let's Play Chess"]
[Site "SchemingMind.com"]
[Date "2007.03.17"]
[Round "-"]
[White "InvernoMuto"]
[Black "alejandroales"]
[Result "0-1"]
[WhiteCountry "ITA"]
[BlackCountry "ARG"]
[WhiteElo "1374"]
[WhiteRD "89"]
[BlackElo "1668"]
[BlackRD "85"]
[GameID "96594"]

1. e4 c5 2. c4 Nc6 3. Nf3 e6 4. d3 Be7 5. Be2 Nf6 6. O-O O-O 7. Nc3 a6 8. Bd2 Qc7 9. a4 b6 10. b3 Bb7
11. Ne1 Nd4 12. Be3 d5 13. cxd5 exd5 14. Nc2 Nxc2 15. Qxc2 d4
0-1

[Event "Let's Play Chess"]
[Site "SchemingMind.com"]
[Date "2007.03.17"]
[Round "-"]
[White "NinjaPawn"]
[Black "alejandroales"]
[Result "1-0"]
[WhiteCountry "ENG"]
[BlackCountry "ARG"]
[WhiteElo "1791"]
[WhiteRD "104"]
[BlackElo "1645"]
[BlackRD "82"]
[GameID "96595"]

1. e4 e6 2. d4 d5 3. Nc3 Bb4 4. e5 Qd7 5. Bd2 b6 6. Qg4 f5 7. Qh5+ Qf7 8. Qxf7+ Kxf7 9. Nf3 Ba6 10. Ng5+ Ke7
11. Nxd5+ exd5 12. Bxb4+ Ke8 13. Ne6 Bxf1 14. Nxc7+
1-0

[Event "Let's Play Chess"]
[Site "SchemingMind.com"]
[Date "2007.03.17"]
[Round "-"]
[White "Lee Shuck"]
[Black "alejandroales"]
[Result "1-0"]
[WhiteCountry "ENG"]
[BlackCountry "ARG"]
[WhiteElo "1498"]
[WhiteRD "64"]
[BlackElo "1612"]
[BlackRD "87"]
[GameID "96596"]

1. e4 Nf6 2. e5 Nd5 3. d4 d6 4. Nf3 Bg4 5. Be2 dxe5 6. Nxe5 Bxe2 7. Qxe2 Nd7 8. Nc3 Nxc3 9. Qg4 Nd5 10. O-O N7f6
11. Qh3 g6 12. Bg5 Bg7 13. Rad1 O-O 14. Rfe1
1-0

[Event "Let's Play Chess"]
[Site "SchemingMind.com"]
[Date "2007.03.17"]
[Round "-"]
[White "megapixel"]
[Black "alejandroales"]
[Result "1-0"]
[WhiteCountry "ENG"]
[BlackCountry "ARG"]
[WhiteElo "1912"]
[WhiteRD "83"]
[BlackElo "1583"]
[BlackRD "89"]
[GameID "96597"]

1. e4 c5 2. Nc3 Nc6 3. f4 g6 4. Nf3 Bg7 5. Bb5 Nf6 6. Bxc6 bxc6 7. d3 O-O 8. O-O Qc7 9. Qe1 d6 10. Rb1 Rb8
11. Qh4 Rb4 12. a3 Rb8 13. Ng5 h6 14. Nh3 Qd7 15. e5 Nd5 16. Nxd5 cxd5 17. f5 dxe5 18. fxg6 Qg4 19. Qxe7 Qxg6 20. Kh1 Qh5
21. Qxc5 Bxh3 22. gxh3 Qxh3 23. Qf2 Rb6 24. Be3 Rg6 25. Bxa7 f5 26. Bc5 Rf7 27. Rg1
1-0

[Event "Let's Play Chess"]
[Site "SchemingMind.com"]
[Date "2007.03.17"]
[Round "-"]
[White "solmash"]
[Black "alejandroales"]
[Result "1-0"]
[WhiteCountry "PHI"]
[BlackCountry "ARG"]
[WhiteElo "1570"]
[WhiteRD "82"]
[BlackElo "1583"]
[BlackRD "89"]
[GameID "96615"]

1. e4 e5 2. Nf3 Nc6 3. Bb5 a6 4. Ba4 Nf6 5. Nc3 d6 6. Nd5 Bd7 7. d3 Nxd5 8. Bd2 Nf6 9. Bg5 Be7 10. O-O O-O
11. a3 Re8 12. Bb3 Nd4 13. Nxd4 exd4 14. f4 Ng4 15. Bxe7 Qxe7 16. f5 Qh4 17. h3 Ne5 18. Qd2
1-0

[Event "Let's Play Chess"]
[Site "SchemingMind.com"]
[Date "2007.03.16"]
[Round "-"]
[White "solmash"]
[Black "megapixel"]
[Result "0-1"]
[WhiteCountry "PHI"]
[BlackCountry "ENG"]
[WhiteElo "1553"]
[WhiteRD "71"]
[BlackElo "1909"]
[BlackRD "90"]
[GameID "96618"]

1. e4 c5 2. Nf3 g6 3. Bc4 Nc6 4. Ng5 e6 5. d3 Bg7 6. O-O Nge7 7. Nc3 O-O 8. Qf3 h6 9. Nh3 Nd4 10. Qd1 d5
11. exd5 exd5
0-1

[Event "Let's Play Chess"]
[Site "SchemingMind.com"]
[Date "2007.03.19"]
[Round "-"]
[White "alejandroales"]
[Black "solmash"]
[Result "1-0"]
[WhiteCountry "ARG"]
[BlackCountry "PHI"]
[WhiteElo "1611"]
[WhiteRD "94"]
[BlackElo "1570"]
[BlackRD "94"]
[GameID "96620"]

1. Nf3 c5 2. e4 Nc6 3. Bb5 d6 4. c3 g6 5. O-O Bg7 6. d4 Bg4 7. d5 Bd7 8. dxc6 bxc6 9. Bc4 Nf6 10. Qe2 O-O
11. Na3 Bg4 12. Be3 Nxe4 13. Rad1 Rb8 14. h3 Bd7 15. Ng5 Nxg5 16. Bxg5 Qc8 17. Qxe7 Re8 18. Bxf7+
1-0

[Event "Let's Play Chess"]
[Site "SchemingMind.com"]
[Date "2007.03.16"]
[Round "-"]
[White "megapixel"]
[Black "solmash"]
[Result "1-0"]
[WhiteCountry "ENG"]
[BlackCountry "PHI"]
[WhiteElo "1909"]
[WhiteRD "90"]
[BlackElo "1553"]
[BlackRD "71"]
[GameID "96623"]

1. e4 e5 2. Nf3 Nc6 3. d4 Nxd4 4. Nxd4 exd4 5. Qxd4 d6 6. Nc3 Nf6 7. Bd3 Be6 8. O-O Be7 9. f4 b6 10. f5 Bd7
11. Nd5 O-O 12. Nxe7+
1-0

[Event "Let's Play Chess"]
[Site "SchemingMind.com"]
[Date "2007.03.16"]
[Round "-"]
[White "joab"]
[Black "InvernoMuto"]
[Result "1-0"]
[WhiteCountry "CAN"]
[BlackCountry "ITA"]
[WhiteElo "1389"]
[WhiteRD "59"]
[BlackElo "1673"]
[BlackRD "144"]
[GameID "96628"]

1. e4 e5 2. Nf3 Nc6 3. d4 Nf6 4. Bg5 Be7 5. Nc3 exd4 6. Nxd4 Nxd4 7. Qxd4 O-O 8. Bc4 c5 9. Qe3 Ng4 10. Bxe7 Qxe7
11. Qg3 Ne5 12. Nd5 Qd6 13. Be2 Qe6 14. O-O Rb8 15. f4 Nc6 16. Bf3 Nd4 17. f5 Qe8 18. Nf6+ Kh8 19. Nxe8 Rxe8 20. Qxb8 Nc6
21. Qg3 Nd4 22. c3
1-0

[Event "Let's Play Chess"]
[Site "SchemingMind.com"]
[Date "2007.03.17"]
[Round "-"]
[White "joab"]
[Black "alejandroales"]
[Result "0-1"]
[WhiteCountry "CAN"]
[BlackCountry "ARG"]
[WhiteElo "1357"]
[WhiteRD "50"]
[BlackElo "1724"]
[BlackRD "80"]
[GameID "96629"]

1. e4 c5 2. Nf3 d6 3. d4 cxd4 4. Nxd4 Nf6 5. Nc3 a6 6. Bd3 e6 7. O-O Be7 8. f4 Nc6 9. Kh1 Nxd4 10. Be3 Nc6
11. a3 b5 12. b4 Bb7 13. Qd2 Rc8 14. Ne2 Ng4 15. h3 Nxe3 16. Qxe3 Qc7 17. Rac1 a5 18. c3 axb4 19. cxb4 Qb8 20. Bxb5 O-O
21. Rc3 Na7 22. Ba4 Rxc3 23. Nxc3 Rc8 24. Rc1 Bc6 25. Bc2 Nb5 26. Nxb5 Bxb5 27. e5 d5 28. Qe1 g6 29. Bb3 Rxc1
0-1

[Event "Let's Play Chess"]
[Site "SchemingMind.com"]
[Date "2007.03.16"]
[Round "-"]
[White "joab"]
[Black "megapixel"]
[Result "0-1"]
[WhiteCountry "CAN"]
[BlackCountry "ENG"]
[WhiteElo "1389"]
[WhiteRD "59"]
[BlackElo "1753"]
[BlackRD "99"]
[GameID "96633"]

1. e4 c5 2. Nf3 g6 3. c3 Bg7 4. d4 cxd4 5. cxd4 d5 6. e5 Nc6 7. Be2 e6 8. Be3 Nge7 9. Nc3 Bd7 10. Qd2 Qa5
11. Bh6 O-O 12. O-O Nf5 13. Bxg7 Kxg7 14. Ng5 Ncxd4 15. f4 Qb6 16. Rac1 Nf3+
0-1

[Event "Let's Play Chess"]
[Site "SchemingMind.com"]
[Date "2007.03.16"]
[Round "-"]
[White "InvernoMuto"]
[Black "joab"]
[Result "1-0"]
[WhiteCountry "ITA"]
[BlackCountry "CAN"]
[WhiteElo "1673"]
[WhiteRD "144"]
[BlackElo "1389"]
[BlackRD "59"]
[GameID "96634"]

1. e4 e5 2. Nf3 d6 3. Bc4 Be7 4. d3 Nf6 5. O-O Bg4 6. Qd2 Bxf3 7. gxf3 c6 8. Nc3 d5 9. exd5 cxd5 10. Bb5+ Nc6
11. f4 Qd6 12. fxe5 Qxe5 13. Qe2 Qxe2 14. Nxe2 O-O 15. Bxc6 bxc6 16. Nd4 c5 17. Nc6 Rfe8 18. Bf4 h6 19. Rae1 Kf8 20. Nxe7 Rxe7
21. Bd6
1-0

[Event "Let's Play Chess"]
[Site "SchemingMind.com"]
[Date "2007.03.17"]
[Round "-"]
[White "alejandroales"]
[Black "joab"]
[Result "1-0"]
[WhiteCountry "ARG"]
[BlackCountry "CAN"]
[WhiteElo "1741"]
[WhiteRD "80"]
[BlackElo "1389"]
[BlackRD "59"]
[GameID "96635"]

1. e4 d5 2. exd5 Qxd5 3. Nc3 Qa5 4. d4 Nf6 5. Bc4 Bf5 6. Nf3 c6 7. Qe2 e6 8. Bd2 Qc7 9. O-O-O Nbd7 10. Ng5 Bg6
11. d5 cxd5 12. Nxd5 Nxd5 13. Nxe6 fxe6 14. Qxe6+ Ne7 15. Bb4 Rc8 16. Rhe1 Qxc4 17. Qxd7+ Kf7 18. Rxe7+ Bxe7 19. Qxe7+ Kg8 20. Rd8+ Rxd8
21. Qxd8+ Kf7 22. Qe7+ Kg8 23. Qf8#
1-0

[Event "Let's Play Chess"]
[Site "SchemingMind.com"]
[Date "2007.03.16"]
[Round "-"]
[White "solmash"]
[Black "joab"]
[Result "1-0"]
[WhiteCountry "PHI"]
[BlackCountry "CAN"]
[WhiteElo "1571"]
[WhiteRD "71"]
[BlackElo "1357"]
[BlackRD "50"]
[GameID "96636"]

1. e4 c5 2. Nf3 d6 3. Bb5+ Nc6 4. Nc3 Nf6 5. d3 g6 6. O-O Bg7 7. Bg5 O-O 8. Bxc6 bxc6 9. h3 Ba6 10. Qd2 Rb8
11. Bh6 Rxb2 12. Bxg7 Kxg7 13. Nh2 Qb6 14. Kh1 Qb4 15. Rab1
1-0

[Event "Let's Play Chess"]
[Site "SchemingMind.com"]
[Date "2007.03.16"]
[Round "-"]
[White "megapixel"]
[Black "joab"]
[Result "1-0"]
[WhiteCountry "ENG"]
[BlackCountry "CAN"]
[WhiteElo "1753"]
[WhiteRD "99"]
[BlackElo "1389"]
[BlackRD "59"]
[GameID "96639"]

1. e4 c5 2. Nc3 Nc6 3. f4 a6 4. a4 g6 5. Nf3 Bg7 6. Bc4 d6 7. O-O Bg4 8. Bxf7+ Kxf7 9. Ng5+ Kf8 10. Qxg4 Nf6
11. Ne6+
1-0

[Event "Let's Play Chess"]
[Site "SchemingMind.com"]
[Date "2007.03.16"]
[Round "-"]
[White "Glenn119"]
[Black "InvernoMuto"]
[Result "0-1"]
[WhiteCountry "USA"]
[BlackCountry "ITA"]
[WhiteElo "1689"]
[WhiteRD "60"]
[BlackElo "1529"]
[BlackRD "119"]
[GameID "96674"]

1. e3 e5 2. d4 e4 3. c4 d5 4. cxd5 Qxd5 5. Nc3 Qa5 6. Bd2 Qf5 7. Qc2 Nf6 8. Nge2 Bd6 9. Ng3 Bxg3 10. fxg3 O-O
11. Bc4 Be6 12. Rf1 Qg4 13. Rf4 Qh5 14. Nxe4 Bf5 15. Nxf6+ gxf6 16. Qxf5 Qxf5 17. Rxf5 Nd7 18. Rh5 c6
0-1

[Event "Let's Play Chess"]
[Site "SchemingMind.com"]
[Date "2007.03.17"]
[Round "-"]
[White "Glenn119"]
[Black "alejandroales"]
[Result "1-0"]
[WhiteCountry "USA"]
[BlackCountry "ARG"]
[WhiteElo "2142"]
[WhiteRD "87"]
[BlackElo "1724"]
[BlackRD "80"]
[GameID "96675"]

1. d4 Nf6 2. Nf3 e6 3. c4 b6 4. g3 Bb7 5. Bg2 Bb4+ 6. Nbd2 O-O 7. O-O a5 8. a3 Be7 9. b3 d5 10. Bb2 Nbd7
11. Qc2 Re8 12. Rfe1 Qc8 13. e4 dxe4 14. Nxe4 Bxe4 15. Rxe4 Nxe4 16. Qxe4 Nf6 17. Qe2 Rb8 18. Ne5 Bd6 19. b4 axb4 20. axb4 Bxe5
21. dxe5 Nd7 22. Bc6 Rd8 23. h4 Nf8 24. h5 h6 25. Ra7 Nh7 26. f4 Rf8 27. b5 Qd8 28. Kh2 f6 29. f5 exf5 30. e6 Re8
31. Bxe8 Qxe8 32. Rxc7 Ng5 33. e7 Ra8 34. c5 bxc5 35. b6
1-0

[Event "Let's Play Chess"]
[Site "SchemingMind.com"]
[Date "2007.03.19"]
[Round "-"]
[White "Glenn119"]
[Black "solmash"]
[Result "0-1"]
[WhiteCountry "USA"]
[BlackCountry "PHI"]
[WhiteElo "1689"]
[WhiteRD "60"]
[BlackElo "1634"]
[BlackRD "76"]
[GameID "96676"]

1. e4 e5 2. d4 exd4 3. Qxd4 Nc6 4. Qe3 d6 5. Nc3 Nf6 6. Bb5 Bd7 7. Bd2 g6 8. Nf3 Be7 9. O-O Ne5 10. Be2 c5
11. Rfd1 Bc6 12. Nd5 Nxd5 13. exd5 Bxd5 14. Nxe5 dxe5 15. Bc1 O-O 16. c4 Qc7 17. cxd5 Bd6 18. Qh3 f5
0-1

[Event "Let's Play Chess"]
[Site "SchemingMind.com"]
[Date "2007.03.16"]
[Round "-"]
[White "Glenn119"]
[Black "megapixel"]
[Result "0-1"]
[WhiteCountry "USA"]
[BlackCountry "ENG"]
[WhiteElo "1689"]
[WhiteRD "60"]
[BlackElo "1877"]
[BlackRD "93"]
[GameID "96679"]

1. d4 Nf6 2. c4 e6 3. Nc3 Bb4 4. a3 Bxc3+ 5. bxc3 b6 6. Bg5 Bb7 7. e3 d6 8. f3 h6 9. Bh4 Nbd7 10. Bd3 c5
11. Ne2 O-O 12. O-O Qc7
0-1

[Event "Let's Play Chess"]
[Site "SchemingMind.com"]
[Date "2007.03.16"]
[Round "-"]
[White "Glenn119"]
[Black "joab"]
[Result "1-0"]
[WhiteCountry "USA"]
[BlackCountry "CAN"]
[WhiteElo "2091"]
[WhiteRD "101"]
[BlackElo "1389"]
[BlackRD "59"]
[GameID "96680"]

1. d4 Nf6 2. Nf3 g6 3. g3 d6 4. Nc3 c6 5. e4 Bg4 6. h3 Bh5 7. g4 Nxg4 8. hxg4 Bxg4 9. Be3 Nd7 10. Bh3 Nf6
11. Qe2 e5 12. O-O-O Qc7 13. Bg5 Bxf3 14. Qxf3
1-0

[Event "Let's Play Chess"]
[Site "SchemingMind.com"]
[Date "2007.03.16"]
[Round "-"]
[White "InvernoMuto"]
[Black "Glenn119"]
[Result "1-0"]
[WhiteCountry "ITA"]
[BlackCountry "USA"]
[WhiteElo "1529"]
[WhiteRD "119"]
[BlackElo "1689"]
[BlackRD "60"]
[GameID "96681"]

1. e4 Nc6 2. Nf3 e5 3. Nc3 Nf6 4. Bc4 Nxe4 5. Nxe4 d5 6. Bxd5 Qxd5 7. Nc3 Qa5 8. O-O Be7 9. d3 O-O 10. Bd2 Bg4
11. Ne2 Qd5 12. Bc3 b5 13. Qd2 Bxf3 14. gxf3 b4 15. a4 bxc3 16. Nxc3 Qxf3 17. Qe3 Qh5 18. Nd5
1-0

[Event "Let's Play Chess"]
[Site "SchemingMind.com"]
[Date "2007.03.17"]
[Round "-"]
[White "alejandroales"]
[Black "Glenn119"]
[Result "0-1"]
[WhiteCountry "ARG"]
[BlackCountry "USA"]
[WhiteElo "1724"]
[WhiteRD "80"]
[BlackElo "2142"]
[BlackRD "87"]
[GameID "96682"]

1. d4 d6 2. Nf3 Nf6 3. c4 e5 4. Nc3 Nbd7 5. e4 exd4 6. Nxd4 Nc5 7. f3 Ne6 8. Be3 Nxd4 9. Qxd4 Be7 10. Be2 c5
11. Qd2 O-O 12. Rd1 Bd7 13. O-O a6 14. f4 Qc7 15. Bf3 b5 16. e5 dxe5 17. Bxa8 Rxa8 18. fxe5 Qxe5 19. Bf4 Qd4+ 20. Qxd4 cxd4
21. Nd5 Nxd5 22. cxd5 Bg4 23. Rde1 Bb4 24. Rc1 Rd8 25. a3 Bf8 26. Rc6 Rxd5 27. Rxa6 d3 28. Bd2 Bc5+ 29. Kh1 f6 30. h3 Be2
31. Re1 Bd4 32. Ra5 Rc5 33. b4 Rc2 34. Bf4 g5 35. Rxb5 gxf4
0-1

[Event "Let's Play Chess"]
[Site "SchemingMind.com"]
[Date "2007.03.19"]
[Round "-"]
[White "solmash"]
[Black "Glenn119"]
[Result "1-0"]
[WhiteCountry "PHI"]
[BlackCountry "USA"]
[WhiteElo "1634"]
[WhiteRD "76"]
[BlackElo "1689"]
[BlackRD "60"]
[GameID "96683"]

1. e4 c6 2. Nf3 d5 3. exd5 cxd5 4. Bb5+ Bd7 5. Bxd7+ Nxd7 6. O-O e6 7. d4 Bd6 8. Nc3 a6 9. Be3 Ngf6 10. Bg5 O-O
11. Re1 Qb6 12. b3 Qc7 13. h3 Qxc3 14. Re3 Qc7 15. Qe2 Ne4 16. Qd3 f6 17. Bh4 f5 18. Rae1
1-0

[Event "Let's Play Chess"]
[Site "SchemingMind.com"]
[Date "2007.03.16"]
[Round "-"]
[White "megapixel"]
[Black "Glenn119"]
[Result "1-0"]
[WhiteCountry "ENG"]
[BlackCountry "USA"]
[WhiteElo "1877"]
[WhiteRD "93"]
[BlackElo "1689"]
[BlackRD "60"]
[GameID "96686"]

1. e4 e6 2. d4 d5 3. Nc3 Nf6 4. Bg5 h6 5. Bxf6 Qxf6 6. e5 Qd8 7. f4 Be7 8. Nf3 O-O 9. Qd2 c5 10. Be2 Nc6
11. O-O-O Qa5 12. Kb1 c4 13. Rdg1
1-0

[Event "Let's Play Chess"]
[Site "SchemingMind.com"]
[Date "2007.03.16"]
[Round "-"]
[White "joab"]
[Black "Glenn119"]
[Result "0-1"]
[WhiteCountry "CAN"]
[BlackCountry "USA"]
[WhiteElo "1389"]
[WhiteRD "59"]
[BlackElo "2091"]
[BlackRD "101"]
[GameID "96687"]

1. e4 e6 2. d4 d5 3. exd5 exd5 4. c4 Nf6 5. Nc3 Nc6 6. Be3 Be7 7. Bd3 Be6 8. cxd5 Nxd5 9. Nge2 Ncb4 10. O-O Nxd3
11. Qxd3 Nxc3 12. bxc3 Qd7 13. Rab1 Bf5 14. Qb5 Bxb1 15. Qxd7+ Kxd7 16. Rxb1 b6 17. f3 Rae8 18. Ng3 Rhf8 19. Re1 Bh4 20. Bf2 Rxe1+
21. Bxe1 Re8 22. Bf2 Bxg3 23. Bxg3 Re3
0-1

[Event "Let's Play Chess"]
[Site "SchemingMind.com"]
[Date "2007.03.16"]
[Round "-"]
[White "bull mccabe"]
[Black "InvernoMuto"]
[Result "1-0"]
[WhiteCountry "IRL"]
[BlackCountry "ITA"]
[WhiteElo "1555"]
[WhiteRD "77"]
[BlackElo "1529"]
[BlackRD "119"]
[GameID "96689"]

1. e4 e5 2. Nf3 Nc6 3. Bb5 a6 4. Ba4 b5 5. Bb3 d6 6. c3 Be7 7. O-O Nh6 8. h3 Be6 9. Bxe6 fxe6 10. d4 exd4
11. Nxd4 Nxd4 12. cxd4 O-O 13. Bxh6 gxh6 14. Qg4+ Kh8 15. Qxe6
1-0